Normal view
MARC view
- Espiritualitat en l'art
Entry Terme temàtic
001 - NÚMERO DE CONTROL
- campo de control: 168369
003 - IDENTIFICADOR DEL NÚMERO DE CONTROL
- campo de control: ES-BaIT
005 - FECHA Y HORA DE LA ÚLTIMA TRANSACCIÓN
- campo de control: 20260209092244.0
008 - DATOS DE LONGITUD FIJA
- campo de control de longitud fija: 260209|| aca||babn | a|a d
040 ## - FUENTE DE LA CATALOGACIÓN
- Centro catalogador/agencia de origen: ES-BaIT
080 ## - NÚMERO DE LA CLASIFICACIÓN DECIMAL UNIVERSAL
- Número de la Clasificación Decimal Universal: 2-584:7.04
- Identificador de la edición: 2004
150 ## - ENCABEZAMIENTO--TÉRMINO DE MATERIA
- Término de materia o nombre geográfico como elemento de entrada: Espiritualitat en l'art
670 ## - FUENTE DE DATOS ENCONTRADOS
- Cita de la fuente: LCSH
- Información encontrada: (enc.: Spirituality in art)


